000 00863cam a2200265 a 4500
008
020 _a9781412957663 (pbk. )
049 _aMAIN
090 _aLC4802
_bWAI
100 1 _aWaller, Raymond J.
245 1 4 _aThe educator's guide to solving common behavior problems /
_cRaymond J. Waller.
260 _aCalifornia :
_bCorwin Press,
_cc2008.
300 _aviii, 116 p. :
_bill. ;
_c23 cm.
504 _aIncludes bibliographical references.
500 _aIncludes index.
650 0 _aProblem children
_xBehavior modification.
650 0 _aMentally ill children
_xEducation.
650 0 _aEmotional problems of children.
650 0 _aBehavior disorders in children.
907 _a.b1030650x
_b30-05-13
_c30-01-12
003
005 20230123125358.0
040 _cNUST
942 _cBOOKS
_kLC4802
_mWAI
999 _c140510
_d140510